00405nam a2200181Ia 4500008004100000020001800041050001400059100001800073245001400091245001800105260001500123260001600138260000900154300001500163300002700178300001000205500000800215170918s9999 xx 000 0 und d a9780439204637 bB293 1982 aBarton, Byron aAirport / cByron Barton. aNew York : bScholastic, c1982 a32 pages : bcolored illustration ; c20cm. a400